Biological science / (Record no. 3859)

MARC details
000 -LEADER
fixed length control field 00629nam a22002297a 4500
003 - CONTROL NUMBER IDENTIFIER
control field OSt
005 - DATE AND TIME OF LATEST TRANSACTION
control field 20160503153147.0
008 - FIXED-LENGTH DATA ELEMENTS--GENERAL INFORMATION
fixed length control field 160503b xxu||||| |||| 00| 0 eng d
020 ## - INTERNATIONAL STANDARD BOOK NUMBER
International Standard Book Number 0521639239
040 ## - CATALOGING SOURCE
Transcribing agency 040a
082 ## - DEWEY DECIMAL CLASSIFICATION NUMBER
Classification number 574
Item number TAY 1997
100 ## - MAIN ENTRY--PERSONAL NAME
Personal name Taylor, D J
9 (RLIN) 8459
245 ## - TITLE STATEMENT
Title Biological science /
Statement of responsibility, etc. D J Taylor, N P O Green, G W Stout
250 ## - EDITION STATEMENT
Edition statement 3rd.ed
260 ## - PUBLICATION, DISTRIBUTION, ETC. (IMPRINT)
Place of publication, distribution, etc. Cambridge
Name of publisher, distributor, etc. Cambridge university press
Date of publication, distribution, etc. 1997
300 ## - PHYSICAL DESCRIPTION
Extent viii, 984p;
Other physical details ill :
Dimensions 20 cm
504 ## - BIBLIOGRAPHY, ETC. NOTE
Bibliography, etc Includes index
650 ## - SUBJECT ADDED ENTRY--TOPICAL TERM
Topical term or geographic name as entry element biological science
9 (RLIN) 8460
700 ## - ADDED ENTRY--PERSONAL NAME
Personal name Green, N. P.O
9 (RLIN) 8461
700 ## - ADDED ENTRY--PERSONAL NAME
Personal name Stout, G.W
9 (RLIN) 8462
942 ## - ADDED ENTRY ELEMENTS (KOHA)
Source of classification or shelving scheme Dewey Decimal Classification
Koha item type Short Loan
Holdings
Withdrawn status Lost status Source of classification or shelving scheme Damaged status Not for loan Home library Current library Date acquired Inventory number Total Checkouts Full call number Barcode Date last seen Price effective from Koha item type
    Dewey Decimal Classification     MUST Main Library MUST Main Library 03/05/2016 2003/20193   574 TAY 1997 2016-1560 03/05/2016 03/05/2016 Short Loan
    Dewey Decimal Classification     MUST Main Library MUST Main Library 09/05/2016 2006/26754   574 TAY 1997 2016-1641 09/05/2016 09/05/2016 Short Loan
    Dewey Decimal Classification     MUST Main Library MUST Main Library 11/05/2016 2006/26752   574 TAY 1997 2016-1778 11/05/2016 11/05/2016 Short Loan
    Dewey Decimal Classification     MUST Main Library MUST Main Library 13/05/2016 2003/20192   574 TAY 1997 2016-1827 13/05/2016 13/05/2016 Short Loan
    Dewey Decimal Classification     MUST Main Library MUST Main Library 13/05/2016 2003/20192   574 TAY 1997 2016-1828 13/05/2016 13/05/2016 Short Loan
    Dewey Decimal Classification     MUST Main Library MUST Main Library 13/05/2016 2003/20191   574 TAY 1997 2016-1831 13/05/2016 13/05/2016 Short Loan